|
|
|
|
| LEADER |
03138nam a22004935i 4500 |
| 001 |
978-3-319-18980-2 |
| 003 |
DE-He213 |
| 005 |
20151204185447.0 |
| 007 |
cr nn 008mamaa |
| 008 |
150602s2015 gw | s |||| 0|eng d |
| 020 |
|
|
|a 9783319189802
|9 978-3-319-18980-2
|
| 024 |
7 |
|
|a 10.1007/978-3-319-18980-2
|2 doi
|
| 040 |
|
|
|d GrThAP
|
| 050 |
|
4 |
|a QB495-500.269
|
| 072 |
|
7 |
|a TTDS
|2 bicssc
|
| 072 |
|
7 |
|a SCI005000
|2 bisacsh
|
| 082 |
0 |
4 |
|a 520
|2 23
|
| 082 |
0 |
4 |
|a 500.5
|2 23
|
| 100 |
1 |
|
|a Francisco, Frederico.
|e author.
|
| 245 |
1 |
0 |
|a Trajectory Anomalies in Interplanetary Spacecraft
|h [electronic resource] :
|b A Method for Determining Accelerations Due to Thermal Emissions and New Mission Proposals /
|c by Frederico Francisco.
|
| 264 |
|
1 |
|a Cham :
|b Springer International Publishing :
|b Imprint: Springer,
|c 2015.
|
| 300 |
|
|
|a XVII, 87 p. 27 illus., 3 illus. in color.
|b online resource.
|
| 336 |
|
|
|a text
|b txt
|2 rdacontent
|
| 337 |
|
|
|a computer
|b c
|2 rdamedia
|
| 338 |
|
|
|a online resource
|b cr
|2 rdacarrier
|
| 347 |
|
|
|a text file
|b PDF
|2 rda
|
| 490 |
1 |
|
|a Springer Theses, Recognizing Outstanding Ph.D. Research,
|x 2190-5053
|
| 505 |
0 |
|
|a Introduction -- The Pioneer Anomaly and Thermal Effects in Spacecraft -- Cassini Gravitational Experiments -- Outer Solar System (OSS) Mission Proposal -- The Flyby Anomaly and Options for Its Study -- Conclusions and Outlook.
|
| 520 |
|
|
|a This thesis presents fundamental work that explains two mysteries concerning the trajectory of interplanetary spacecraft. For the first problem, the so-called Pioneer anomaly, a wholly new and innovative method was developed for computing all contributions to the acceleration due to onboard thermal sources. Through a careful analysis of all parts of the spacecraft Pioneer 10 and 11, the application of this methodology has yielded the observed anomalous acceleration. This marks a major achievement, given that this problem remained unsolved for more than a decade. For the second anomaly, the flyby anomaly, a tiny glitch in the velocity of spacecraft that perform gravity assisting maneuvers on Earth, no definitive answer is put forward; however a quite promising strategy for examining the problem is provided and a new mission is proposed. The proposal largely consists in using the Galileo Navigational Satellite System to track approaching spacecraft, and in considering a small test body that approaches Earth from a highly elliptic trajectory.
|
| 650 |
|
0 |
|a Physics.
|
| 650 |
|
0 |
|a Space sciences.
|
| 650 |
|
0 |
|a Aerospace engineering.
|
| 650 |
|
0 |
|a Astronautics.
|
| 650 |
1 |
4 |
|a Physics.
|
| 650 |
2 |
4 |
|a Extraterrestrial Physics, Space Sciences.
|
| 650 |
2 |
4 |
|a Theoretical, Mathematical and Computational Physics.
|
| 650 |
2 |
4 |
|a Aerospace Technology and Astronautics.
|
| 710 |
2 |
|
|a SpringerLink (Online service)
|
| 773 |
0 |
|
|t Springer eBooks
|
| 776 |
0 |
8 |
|i Printed edition:
|z 9783319189796
|
| 830 |
|
0 |
|a Springer Theses, Recognizing Outstanding Ph.D. Research,
|x 2190-5053
|
| 856 |
4 |
0 |
|u http://dx.doi.org/10.1007/978-3-319-18980-2
|z Full Text via HEAL-Link
|
| 912 |
|
|
|a ZDB-2-PHA
|
| 950 |
|
|
|a Physics and Astronomy (Springer-11651)
|